000 00517nam a2200193 a 4500
001 1777026774822
003 YourLibrary
005 20260424160636.0
008 260424s2003##################000#0#eng##
020 _a9789041118523
082 0 4 _a346.4
_bBUS
100 1 _aBussani, Mauro,
_eauthor.
245 1 0 _aThe Common Core of European Private Law:Essays on the Project :
260 _bSpringer,
_c2003.
300 _a248 pages
650 0 _aLaw.
942 _cENGLISH
040 _aYourLibrary
_beng
_cYourLibrary
999 _c619720
_d619720